000 00577nam a2200217 i 4500
001 C2-0112950
003 PPAK
005 20180727104112.0
008 970706s1979 ko a|||| ||||| | eng d
040 _aPPAK
_beng
_cPPAK
_erda
082 0 4 _a808.81
_223
090 0 0 _a808.81
_bFRI
_dKIH
245 0 0 _aFriends :
_bforeign poetry
264 1 _aSeoul, Korea :
_bCho Byung-Hwa ,
_c1979
300 _a164 pages :
_billustrations ;
_c21 cm
336 _2rdacontent
_atext
337 _2rdamedia
_aunmediated
338 _2rdacarrier
_avolume
650 1 0 _aPoetry
942 _ddc
_cB
999 _c28548
_d28548